[Event "American Continental-ch 2018"]
[Site "Montevideo"]
[Date "2018.06.01"]
[Round "1"]
[White "Morovic Fernandez, Ivan"]
[Black "Garmendia Vega, Gabriel"]
[Result "1-0"]
[WhiteElo "2513"]
[BlackElo "2029"]
[Annotator "TA"]
[PlyCount "53"]
[EventDate "2018.??.??"]
[EventType "swiss"]
[EventCountry "URU"]
[SourceTitle "playchess.com"]
[Source "ChessBase"]
[SourceQuality "1"]

{[%evp 18,53,36,35,20,46,52,26,20,24,50,43,37,39,46,46,126,132,342,334,335,333,495,473,495,495,495,495,588,581,754,603,1037,1030,1327,1321,1272,1270]} 1. d4 Nf6 2. c4 e6 3. Nc3 Bb4 4. Nf3 c5 5. g3 cxd4 6. Nxd4 Ne4 7. Bd2 {E20: Nimzo-Indian: 4 g3 and 4 f3} (7. Qc2 Qa5 8. Bg2 Nxc3 9. O-O Nc6 10. bxc3 Bxc3 11. Nb3 Nd4 12. Nxd4 Bxd4 13. Rb1 d6 14. Bb2 Bxb2 15. Qxb2 {0-1 (90) Carlsen,M (2855)-Caruana,F (2804) Leuven 2016}) 7... Bxc3 8. Bxc3 Nxc3 9. bxc3 a6 10. Qa4 {LiveBook: 3 Games} O-O 11. Bg2 d6 12. O-O Nd7 13. Rfd1 {[#]} Nc5 $146 ({Predecessor:} 13... Rb8 14. Nb3 Qc7 {½-½ (22) Molner,M (2493)-Le,Q (2712) Saint Louis 2013}) 14. Qa3 Bd7 15. Nb3 $36 {[%mdl 2048] White fights for an advantage.} Qc7 16. Rd2 Rfd8 {[#]} (16... Bc6 $14) 17. Rad1 $1 $16 Ba4 $2 {[#]} (17... Bc6 $16 {might work better.}) 18. Nxc5 $1 $18 Bxd1 19. Nxb7 Rab8 (19... Rdb8 {was called for.} 20. Qxd6 (20. Rxd1 Rxb7 21. Bxb7 Qxb7 $16) (20. Nxd6 Rb1 $14) 20... Qxd6 21. Nxd6 Ba4) 20. Nxd8 {White is clearly winning.} (20. Rxd1 Rxb7 21. Bxb7 Qxb7 $16) 20... Rb1 21. h4 ({Less strong is} 21. Bf1 Qxd8 22. Qxa6 (22. Qxd6 Qxd6 23. Rxd6 Kf8 $18) 22... Qe8 $18) 21... Qxd8 22. Kh2 g5 23. Be4 Qf6 24. f3 (24. Bxb1 Qxf2+ 25. Kh3 Bxe2 $11) 24... gxh4 25. Qxd6 ({Weaker is} 25. Bxb1 hxg3+ 26. Kxg3 Qg5+ 27. Kf2 Qh4+ 28. Kg2 (28. Ke3 Qg5+ 29. Kf2 Qh4+ 30. Kg2 Qg5+ 31. Kf1 Qxd2 $16) 28... Qg5+ 29. Kf1 Qxd2 $16) 25... hxg3+ 26. Qxg3+ Kf8 27. Qd6+ {Precision: White = 95%, Black = 24%.} ({Not} 27. Bxb1 Qh6+ 28. Kg2 Qxd2 $11) 1-0

[Event "American Continental-ch 2018"]
[Site "Montevideo"]
[Date "2018.06.01"]
[Round "1"]
[White "Terry, Renato"]
[Black "Soto, Nicolas"]
[Result "1-0"]
[WhiteElo "2503"]
[BlackElo "2011"]
[Annotator "TA"]
[PlyCount "63"]
[EventDate "2018.??.??"]
[EventType "swiss"]
[EventCountry "URU"]
[SourceTitle "playchess.com"]
[Source "ChessBase"]
[SourceQuality "1"]

{[%evp 16,63,80,-7,36,47,33,16,18,18,36,-9,8,8,68,56,62,63,71,71,80,75,79,83,64,68,96,100,96,91,114,99,145,145,188,156,164,153,223,228,220,198,268,281,288,179,328,314,304,202]} 1. d4 d5 2. Nf3 Nf6 3. c4 c6 4. Nc3 dxc4 5. a4 Bf5 6. Ne5 e6 7. f3 Bb4 8. Nxc4 Nbd7 9. Bg5 {LiveBook: 5 Games. D17: Slav Defence: 5 a4 Bf5: Lines with 6 Nh4 and 6 Ne5} (9. e4 $16) 9... Qc7 10. e4 Bg6 11. Bh4 {White is slightly better.} O-O 12. Bg3 Qd8 13. Qd2 $146 ({Predecessor:} 13. Be2 Nh5 14. Bf2 Nf4 15. O-O Qg5 16. Bg3 Rfd8 17. Qd2 Nxe2+ 18. Qxe2 {1-0 (37) Hernandez Carmenates,H (2458)-De Dios Alija,R (2069) Cambados 2005}) 13... Nb6 14. Ne5 Bxe4 (14... a5 $11) 15. a5 $1 $36 {[%mdl 2048] White is pushing.} ({Of course not} 15. fxe4 Nxe4 16. Qd3 Nd5 $11) 15... Nbd5 {Strongly threatening ...a6.} 16. a6 Qe7 17. axb7 Qxb7 {[#]} 18. Ba6 $1 {[%cal Ra6b7]} Qb6 19. Nc4 Qd8 20. Bb7 Qe7 21. Bxa8 ({Much worse is} 21. Bxc6 $6 Rac8 $15) 21... Rxa8 22. O-O Bf5 23. Ra6 Qb7 24. Rfa1 Nc7 25. R6a4 Nfd5 26. Bd6 Bg6 (26... Bxc3 $16 27. bxc3 Nb5) 27. Bxb4 $18 Nxb4 28. Ne4 Ncd5 (28... Nbd5 $142 29. Rc1 Qb3) 29. Ne5 Qb6 30. Nc3 Qc7 (30... Ne7 $142 31. R1a3 Nbd5) 31. Nxd5 Nxd5 32. Rc4 {Precision: White = 64%, Black = 18%.} 1-0

[Event "American Continental-ch 2018"]
[Site "Montevideo"]
[Date "2018.06.01"]
[Round "1"]
[White "Hoffman, Alejandro"]
[Black "Chang, Suzana"]
[Result "1-0"]
[WhiteElo "2475"]
[BlackElo "1994"]
[Annotator "TA"]
[PlyCount "87"]
[EventDate "2018.??.??"]
[EventType "swiss"]
[EventCountry "URU"]
[SourceTitle "playchess.com"]
[Source "ChessBase"]
[SourceQuality "1"]

{[%evp 18,87,40,38,41,6,15,-8,27,-315,-46,-105,-27,-72,-20,-22,-25,-15,45,34,42,47,61,43,44,43,88,87,87,82,91,84,80,85,85,93,81,18,93,88,88,88,91,87,97,97,94,90,104,91,104,89,382,168,170,66,83,82,164,171,164,52,329,331,318,317,318,317,302,287,248,229]} 1. d4 Nf6 2. c4 g6 3. f3 Bg7 4. e4 d6 5. Nc3 O-O 6. Be3 c5 7. d5 e6 8. Qd2 exd5 9. cxd5 Na6 10. Nge2 {LiveBook: 4 Games. A65: Modern Benoni: 6 e4} Rb8 (10... Nc7 11. a4 h5 12. Bh6 Re8 13. Bxg7 Kxg7 14. Nc1 Nh7 15. Be2 Qh4+ 16. g3 Qf6 17. Nd3 Ng5 {½-½ (51) Moutousis,K (2411)-Vafiadis,K (2235) Achaea 2017}) 11. Nc1 Nc7 12. a3 $146 {The position is equal.} ({Predecessor:} 12. a4 b6 13. Be2 a6 14. O-O Re8 15. Nd3 Nfxd5 16. Bg5 Nf6 17. Rfd1 Bb7 {0-1 (60) Infante Acuna,F-Peralta Marquez,D (1995) Trujillo 2016}) 12... b5 13. b4 $2 {[%mdl 8192] [#]} (13. Be2 $11 {and White has nothing to worry.}) 13... Nd7 $2 (13... Nfxd5 $1 $19 {[%mdl 512]} 14. N1e2 (14. exd5 $2 Bxc3 15. Qxc3 Nxd5 $19) (14. Nxd5 Nxd5) 14... Nxe3 15. Qxe3 c4) 14. Rb1 (14. Be2 $15) 14... a5 (14... f5 $17 {Threatens to win with ...Bxc3.} 15. N1a2 c4) 15. Be2 Qf6 (15... f5 $17 {aiming for ...Bxc3.} 16. O-O axb4 17. axb4 Qf6) 16. N1a2 $11 axb4 17. axb4 cxb4 ({Better is} 17... c4 $11) 18. Rxb4 $14 Nc5 19. O-O Bd7 20. Rfb1 N7a6 21. Bd4 Qd8 22. Bxg7 Kxg7 23. R4b2 {[%cal Rc3b5]} f5 24. Nxb5 Bxb5 25. Bxb5 fxe4 26. Bxa6 $1 Nxa6 27. Qd4+ (27. Rxb8 $16 Nxb8 28. Qd4+ (28. fxe4 Nd7 $14) 28... Kg8 29. Qxe4) 27... Kg8 (27... Qf6 $11 28. Rb7+ Rxb7 29. Rxb7+ Kg8 30. Qxf6 Rxf6) 28. Rxb8 $16 ({Reject} 28. fxe4 Rxb2 29. Rxb2 Nc5 $11) 28... Nxb8 29. Qxe4 Re8 30. Qd4 Nd7 31. Nc3 Nc5 32. h4 Re5 33. Kh2 Rh5 34. g3 g5 $2 {[%mdl 8192]} (34... Rf5 $16) 35. Re1 (35. Qg4 $142 Rh6 36. f4) 35... gxh4 $18 36. g4 (36. Qg4+ $18 Qg5 37. Qc8+ Kg7 38. Qc7+ Kg6 39. Qxd6+ Qf6 40. Qxf6+ (40. Qxc5 $2 hxg3+ 41. Kg2 Rh2+ 42. Kg1 Rh1+ 43. Kg2 Rxe1 $19) 40... Kxf6 41. Re8) 36... Rg5 $14 37. Re3 Rg7 (37... Qf8 $16) 38. Ne4 $36 {[%mdl 2048] Black is under strong pressure.} Nxe4 39. Qxe4 {KQR-KQR} (39. Rxe4 $18 {Hoping for Re6.} Rf7 40. f4) 39... Kf8 $2 {[%mdl 8192]} ({Black should try} 39... Rf7 $1 $14) 40. Qf4+ Rf7 {[#]} 41. Qh6+ $1 Kg8 42. Kg2 Rf8 43. Kh3 Qb6 44. Qg5+ {Precision: White = 47%, Black = 30%.} ({Resist} 44. Kxh4 $6 Qd4) 1-0

[Event "American Continental-ch 2018"]
[Site "Montevideo"]
[Date "2018.06.01"]
[Round "1"]
[White "Salinas Herrera, Pablo"]
[Black "Da Silva Junior, Sediney Mari"]
[Result "1-0"]
[WhiteElo "2463"]
[BlackElo "1990"]
[Annotator "TA"]
[PlyCount "67"]
[EventDate "2018.??.??"]
[EventType "swiss"]
[EventCountry "URU"]
[SourceTitle "playchess.com"]
[Source "ChessBase"]
[SourceQuality "1"]

{[%evp 15,67,10,37,25,25,16,25,16,29,28,57,47,54,49,81,58,51,61,180,103,143,142,154,146,262,272,357,369,649,631,901,902,896,895,894,893,752,538,531,516,530,315,317,303,304,310,318,287,287,279,317,290,656,636]} 1. e4 e6 2. d4 d5 3. Nc3 Bb4 4. Nge2 dxe4 5. a3 Be7 6. Nxe4 Nf6 7. Nxf6+ Bxf6 8. Be3 {C15: French: 3 Nc3 Bb4: Unusual White 4th moves} c5 {LiveBook: 6 Games} (8... O-O 9. Qd2 b6 10. O-O-O Bb7 11. h4 Nd7 12. Nf4 Be7 13. h5 Nf6 14. f3 Qc8 15. Qf2 Rd8 {0-1 (33) Jobava,B (2703)-Ivanchuk,V (2757) Leuven 2017}) 9. c3 cxd4 10. Nxd4 {[%cal Be2d4,Bd4b5,Bb5d6,Bd6e4,Be4d6][%mdl 32] White has an edge.} O-O 11. Qc2 e5 12. Nb5 $146 ({Predecessor:} 12. Nb3 g6 13. Bd3 Nc6 14. O-O-O Qc7 15. h4 Ne7 {½-½ (41) Rattray,R (1888)-Player,E (2105) Birmingham 1999}) 12... a6 13. Rd1 Qe7 14. Nd6 Nc6 15. Ne4 $36 {[%mdl 2048] Threatens to win with Bc5. White is more active.} Rd8 16. Bd3 h6 {[#]} (16... Bg4 $14) 17. O-O (17. Bb6 $1 $18) 17... Bg5 18. Bb6 Re8 19. Bc5 Qe6 {[#]} (19... Qc7 $16 {was called for.}) 20. Nd6 $1 $18 Rd8 21. Bc4 Qg4 $2 (21... Rxd6 22. Bxe6 Rxe6) 22. h3 Qh4 {and the idea ...Rxd6 leaves Black hopeful.} 23. Bxf7+ Kh8 24. Ba2 {Intending Nf7+ and mate.} Rxd6 25. Rxd6 e4 26. Bb1 Bf5 27. Rd5 Be6 28. Qxe4 Qxe4 29. Bxe4 Bxd5 30. Bxd5 Rd8 31. Rd1 Ne5 32. b3 b5 33. Bb6 Rd6 $2 (33... Rd7 34. g3 Bc1) 34. Bc7 {Precision: White = 84%, Black = 34%.} 1-0

[Event "American Continental-ch 2018"]
[Site "Montevideo"]
[Date "2018.06.01"]
[Round "1"]
[White "Panjwani, Raja"]
[Black "Moccero, Eduardo"]
[Result "1-0"]
[WhiteElo "2456"]
[BlackElo "1970"]
[Annotator "TA"]
[PlyCount "69"]
[EventDate "2018.??.??"]
[EventType "swiss"]
[EventCountry "URU"]
[SourceTitle "playchess.com"]
[Source "ChessBase"]
[SourceQuality "1"]

{[%evp 21,69,33,49,29,27,15,37,43,44,34,38,26,37,28,33,28,52,47,47,0,16,0,62,58,62,51,46,43,40,27,25,31,74,73,71,73,76,63,78,78,156,107,114,104,97,100,100,39,171,172]} 1. d4 d5 2. Nf3 c5 3. c4 e6 4. cxd5 exd5 5. g3 Nc6 6. Bg2 Nf6 7. O-O Be7 8. Nc3 O-O 9. dxc5 Bxc5 10. a3 Be6 11. b4 Be7 {LiveBook: 30 Games} 12. Nd4 {D34: Tarrasch Defence: 6 g3 Nf6 7 Bg2 Be7} (12. Bb2 Qd7 13. Rc1 Rfd8 14. Nb5 a5 15. bxa5 Rxa5 16. a4 Bh3 17. Ne5 Nxe5 18. Bxe5 Bxg2 19. Kxg2 Rda8 {1-0 (46) Wagner,D (2575)-Zvjaginsev,V (2660) Berlin 2015}) 12... Nxd4 13. Qxd4 Qd7 14. Bb2 $146 {White is slightly better.} ({Predecessor:} 14. Rd1 Rfd8 15. Bb2 b6 16. e4 dxe4 17. Qe5 Bd6 18. Qg5 h6 19. Qe3 Bg4 {½-½ (35) Injac,T (2277)-Grujic,D (2063) Novi Sad 2017}) 14... Rfd8 15. e3 a6 16. Ne2 Rac8 17. Nf4 Rc4 18. Qd1 Bg4 19. Qb3 {Black must now prevent Nxd5!} b5 20. Bd4 Bf5 21. Ra2 Be4 (21... Qc6 $11) 22. f3 $14 Bf5 23. g4 Bg6 24. Rd1 Qc6 {White should prevent ...Bc2.} 25. Nxg6 hxg6 26. Bf1 Rc1 27. Rxc1 Qxc1 28. Rc2 Qe1 29. Qb2 Qh4 30. Rc7 Bd6 ({Black should play} 30... Ne8 31. Rc6 Bf6) 31. Rc6 {And now Qf2 would win.} Nh7 32. Qf2 Qe7 33. Rxa6 Ng5 34. Ra7 ({White should try} 34. Kh1 $16) 34... Qe6 (34... Qe8 $1 $14) 35. h4 {Precision: White = 60%, Black = 52%.} 1-0

[Event "American Continental-ch 2018"]
[Site "Montevideo"]
[Date "2018.06.01"]
[Round "1"]
[White "Vazquez, Guillermo"]
[Black "Palma Neira, Eliseo Maximiliano"]
[Result "1-0"]
[WhiteElo "2436"]
[BlackElo "1956"]
[Annotator "TA"]
[PlyCount "101"]
[EventDate "2018.??.??"]
[EventType "swiss"]
[EventCountry "URU"]
[SourceTitle "playchess.com"]
[Source "ChessBase"]
[SourceQuality "1"]

{[%evp 10,101,20,18,23,33,40,44,50,4,24,20,13,12,15,12,9,0,38,8,15,11,16,10,31,2,114,106,105,113,92,100,102,96,91,47,28,0,116,100,100,83,95,65,168,151,152,118,133,155,224,209,186,200,202,195,245,179,195,47,145,66,122,115,183,168,185,162,212,223,429,495,495,489,488,482,489,481,699,678,637,628,817,455,786,788,785,768,745,742,1075,1152,995,847]} 1. d4 d5 2. c4 e6 3. Nf3 Nf6 4. Nc3 c6 5. Qb3 Bd6 6. Bg5 {LiveBook: 25 Games. D43: Semi-Slav: 5 Bg5 h6} O-O {[#]} (6... Nbd7 7. e3 Qa5 8. Bd3 Ne4 9. Bf4 Bxf4 10. exf4 dxc4 11. Bxc4 Nb6 12. O-O Nf6 13. Bd3 O-O {0-1 (83) Gonzalez Zamora,J (2553)-Adly,A (2602) Istanbul 2012}) 7. e4 $1 {[%mdl 512] aiming for e5.} dxe4 {[#]} 8. Nxe4 $1 {[%mdl 512] White is slightly better.} Be7 (8... Nxe4 9. Bxd8) 9. Nc3 c5 $146 ({Predecessor:} 9... Nbd7 10. Rd1 h6 11. Bh4 Nh5 12. Bg3 Qa5 13. Be2 Rd8 14. O-O Nxg3 15. hxg3 Nf6 16. Ne5 Qc7 17. Ng4 Nxg4 18. Bxg4 Bf6 {½-½ (18) Golcman,E (2315)-Tokranovs,D (2060) Pardubice 2012}) 10. dxc5 Qc7 11. Be2 Nbd7 12. O-O Nxc5 13. Qc2 a6 14. Rfd1 b6 15. b4 Ncd7 16. a3 Bb7 17. Qc1 Ne5 {[#]} (17... Bxf3 $11 {remains equal.} 18. Bxf3 Rad8) 18. Nxe5 $1 $16 Qxe5 19. Bf4 Qf5 20. Qe3 Bd8 21. h3 Qg6 {[%csl Gb7][%cal Rg6g2]} 22. f3 Nh5 23. Be5 f5 (23... Bg5 $1 $11 {keeps the balance.} 24. Qd4 (24. Qxb6 Bf4 $11) 24... Qh6) 24. Rd7 Bc6 25. Rd6 Bg5 26. Qd4 {Strongly threatening h4.} ({Stronger than} 26. Qxb6 Bf4 $15) 26... Rfd8 (26... Rac8 $14) 27. Rd1 $18 ({Don't take} 27. Qxb6 Rxd6 28. Bxd6 Be8 $16) 27... Rxd6 28. Bxd6 Qh6 {...Be3+ is the strong threat.} 29. Rd3 Nf4 (29... b5 $16 {keeps fighting.}) 30. Bxf4 $1 Bxf4 31. Qxb6 Be8 32. Bf1 Rb8 33. Qa7 Rd8 34. Nd1 (34. Qxa6 $18 Rxd3 35. Bxd3) 34... Qh4 (34... Rxd3 $14 35. Bxd3 Qf6) 35. Qf2 ({Avoid the trap} 35. Qxa6 $2 Rxd3 36. Bxd3 Qe1+ 37. Bf1 Bd7 $19) (35. Nf2 $16) 35... Bg3 ({Better is} 35... Qg5 $14) 36. Qe3 $16 e5 {[#]} (36... Rxd3 $16 37. Bxd3 Kf7) 37. Rxd8 $1 $18 Qxd8 38. Qd3 $40 {[%mdl 128] White wants a kill.} Qg5 39. c5 {[%cal Bc4c5,Bc5c6][%mdl 32]} Bb5 $2 (39... h6 40. Qxa6 Bf7) 40. Qd5+ {White is clearly winning.} Kf8 41. Bxb5 axb5 42. c6 {Threatens to win with c7.} Qe7 {If Black can now play ...Qa7+ this consolidates a bit.} 43. Qxb5 Qd8 (43... Qa7+ $142 44. Kf1 Qd4) 44. Qc5+ Ke8 {[%cal Rd8d1]} 45. Ne3 Bf4 46. Nf1 Qd4+ (46... e4 $142 47. Qc4 Qb6+ 48. Kh1 Kf8 49. fxe4 fxe4) 47. Qxd4 exd4 48. Kf2 d3 49. b5 Bd6 50. Ke3 Bxa3 51. Kxd3 {Precision: White = 65%, Black = 35%.} 1-0

[Event "American Continental-ch 2018"]
[Site "Montevideo"]
[Date "2018.06.01"]
[Round "1"]
[White "Avgoustopoulos, Christian"]
[Black "Cori, Jorge"]
[Result "0-1"]
[WhiteElo "2110"]
[BlackElo "2659"]
[Annotator "TA"]
[PlyCount "42"]
[EventDate "2018.??.??"]
[EventType "swiss"]
[EventCountry "URU"]
[SourceTitle "playchess.com"]
[Source "ChessBase"]
[SourceQuality "1"]

{[%evp 20,42,36,22,25,19,24,18,31,32,40,0,49,47,52,51,64,11,23,-111,-101,-126,-129,-218,-220]} 1. e4 c5 2. Nf3 e6 3. d4 cxd4 4. Nxd4 Nc6 5. c4 Nf6 6. Nxc6 bxc6 7. Bd3 e5 8. O-O Be7 9. Nc3 O-O 10. b3 d6 11. Bb2 {LiveBook: 11 Games} Rb8 {B40: Sicilian: 2...e6, Unusual lines} (11... Be6 12. Na4 Nd7 13. Qe2 c5 14. Nc3 Nb8 15. Nd5 Nc6 16. f4 Bxd5 17. exd5 Nd4 18. Bxd4 exd4 19. Rae1 Bf6 20. g3 Re8 21. Qxe8+ Qxe8 22. Rxe8+ Rxe8 23. Kf2 Re3 24. Re1 {½-½ (24) Carlsen,M (2801)-Polgar,J (2680) Moscow 2009}) 12. Qc2 $146 ({Predecessor:} 12. Qe2 Nd7 13. Na4 Qc7 14. Rad1 Rd8 15. Bb1 Ba6 16. Rfe1 Nf8 17. Qh5 g6 18. Qe2 Ne6 19. g3 {½-½ (32) Bellin,R (2440)-Liberzon,V (2545) Hastings 1980}) 12... Be6 13. Rad1 Qc8 {The position is equal.} 14. Be2 Rd8 15. Rd2 h6 16. Rfd1 Qc7 17. Ba3 Rbc8 18. Na4 (18. Bf3 $14) 18... Bf8 $11 19. h3 {[#]} (19. Bf3 $11 {keeps the balance.}) 19... Nxe4 $1 $17 20. Qxe4 {aiming for Bb2.} d5 $1 {[%cal Rd5e4]} 21. Qb1 ({Avoid the trap} 21. cxd5 $2 cxd5 22. Qb1 Bxa3 $19) (21. Qe3 $17 {is a better defense.} d4 22. Qg3 (22. Qe4 $2 f5 $19) 22... Bxa3 23. Bd3) 21... Bxa3 {Precision: White = 28%, Black = 73%.} 0-1

[Event "American Continental-ch 2018"]
[Site "Montevideo"]
[Date "2018.06.01"]
[Round "1"]
[White "Santos Filho, Tadeu Sousa"]
[Black "Mareco, Sandro"]
[Result "0-1"]
[WhiteElo "2096"]
[BlackElo "2643"]
[Annotator "TA"]
[PlyCount "108"]
[EventDate "2018.??.??"]
[EventType "swiss"]
[EventCountry "URU"]
[SourceTitle "playchess.com"]
[Source "ChessBase"]
[SourceQuality "1"]

{[%evp 17,108,20,24,0,-17,-10,0,-33,0,0,10,0,0,0,0,-33,0,-43,0,-37,-36,-32,-23,-24,-14,-19,-8,-57,-51,-50,-51,-66,-16,-72,-75,-54,-56,-100,-86,-94,-79,-97,-96,-97,-84,-100,-105,-113,-110,-114,-100,-150,-139,-208,-112,-127,-99,-114,-104,-129,-93,-108,-95,-159,-130,-175,-126,-238,-200,-168,-155,-237,-192,-515,-500,-664,-658,-650,-641,-619,-437,-434,-434,-489,-495,-489,-483,-646,-642,-625,-597,-650,-642]} 1. e4 c5 2. Nc3 d6 3. Nge2 Nf6 4. g3 g6 5. Bg2 Bg7 6. d4 cxd4 7. Nxd4 O-O 8. O-O Bg4 9. Nde2 Qd7 {LiveBook: 3 Games. B70: Sicilian Dragon: 6 g3 and 6 Be2 (without a later Be3)} (9... Nc6 10. h3 Bxe2 11. Nxe2 Rc8 12. Nf4 {½-½ (12) Heberla,B (2558)-Popovic,D (2507) Plovdiv 2015}) 10. Re1 Nc6 11. f3 Bh3 $146 {The position is equal.} ({Predecessor:} 11... Be6 12. Nf4 Ne5 13. Nxe6 Qxe6 14. b3 Qc8 15. Bb2 Qc5+ 16. Kh1 Rac8 17. Qe2 e6 18. Na4 Qc7 19. c4 Rfd8 20. Rac1 Nfd7 21. Red1 Nc5 22. Nc3 a6 {½-½ (22) Moser,K (2294)-Zeldin,V (1887) Unna 2004}) 12. Bh1 Qd8 13. Be3 Qa5 14. Qd2 Rfc8 15. Rad1 b5 16. b3 Bd7 17. a4 a6 {[%cal Ba7a6,Ba6a5][%mdl 32]} 18. Ra1 b4 19. Na2 d5 20. e5 $1 {[%cal Re5f6]} Nxe5 21. Nxb4 Qc7 22. c3 ({Reject} 22. Nxd5 Nxd5 23. Qxd5 Bc6 $17) 22... a5 $36 {[%mdl 2048] Black has good play.} 23. Nc2 Nc6 24. Na3 Na7 25. Bg2 (25. c4 $11 {keeps the balance.}) 25... Rab8 $1 $17 26. Rab1 e5 27. Rec1 Bf5 28. Rb2 h5 29. Kh1 Be6 30. Rcb1 Bf8 31. Nc2 Nc6 {[%cal Ba7c6,Bc6e7,Be7f5][%mdl 32]} 32. Bg1 Bf5 33. Rc1 Qd7 34. Rbb1 Rb7 35. Rd1 {[#]} (35. Rb2 $17) 35... Qc7 (35... Bh6 $1 $19 {[%cal Rh6d2][%mdl 512]} 36. f4 {[#]} (36. Qxh6 Bxc2) 36... h4 $1 {[%mdl 512]}) 36. Rb2 Ne7 37. Na3 Bd7 38. c4 Nf5 39. Nb5 Qd8 40. Na7 {[#]} (40. Rc2 $142) 40... Rxa7 $1 {[%mdl 512]} 41. Bxa7 d4 {And now ...Ne3 would win.} 42. c5 (42. f4 $17 {is a better defense.} Bb4 43. Qc1) 42... Bc6 43. Bb6 Qe8 44. Re1 ({But not} 44. Qxa5 Ne3 $15) (44. Ng1 $17) 44... Nd5 45. Kg1 $2 ({Weaker is} 45. Qxa5 Bh6 $15) (45. Qd3 {is more resistant.}) 45... Nxb6 $19 {Black is clearly winning.} 46. cxb6 Bb4 47. Qd1 Ne3 48. Qb1 Rb8 49. Rc1 Rxb6 50. Rbc2 Nxc2 51. Qxc2 Bd5 52. Qd3 Ba3 53. Rb1 Qc6 54. Kf2 Qb7 {Precision: White = 20%, Black = 71%.} 0-1

[Event "American Continental-ch 2018"]
[Site "Montevideo"]
[Date "2018.06.01"]
[Round "1"]
[White "Rothebarth, Ana Vitoria De Paul"]
[Black "Flores, Diego"]
[Result "0-1"]
[WhiteElo "2090"]
[BlackElo "2614"]
[Annotator "TA"]
[PlyCount "54"]
[EventDate "2018.??.??"]
[EventType "swiss"]
[EventCountry "URU"]
[SourceTitle "playchess.com"]
[Source "ChessBase"]
[SourceQuality "1"]

{[%evp 11,54,-4,16,0,-2,0,16,19,10,0,14,-21,4,0,0,0,0,0,0,0,0,0,30,35,39,0,0,-95,-54,-297,-201,-222,-213,-288,-282,-303,-306,-256,-225,-595,-589,-689,-688,-733,-735]} 1. e4 c5 2. Nf3 e6 3. b3 b6 4. Bd3 (4. Bb2 Bb7 5. Bd3 Nc6 6. a3 Nf6 7. O-O d6 8. Re1 Be7 9. Bf1 O-O 10. d3 Nd7 11. Nbd2 Bf6 12. Bxf6 Nxf6 {1-0 (29) Kasimdzhanov,R (2683)-Ganguly,S (2650) Riadh 2017}) 4... Bb7 5. O-O Nf6 6. Re1 {B40: Sizilianisch (Klassisches System mit e7-e6)} Be7 {LiveBook: 4 Partien} 7. Bb2 O-O 8. e5 {Die Stellung ist ausgeglichen.} Nd5 9. Nc3 $146 ({Vorgänger:} 9. c4 Nf4 10. Bf1 f6 11. Nc3 Nc6 12. Ne4 fxe5 13. Nxe5 d5 14. Qg4 g6 15. cxd5 exd5 16. Bb5 h5 17. Qg3 Bh4 18. Qc3 Nd4 {0-1 (18) Svoboda,V (2426)-Babula,V (2545) Czech Republic 2016}) 9... f5 10. Bf1 Nxc3 11. Bxc3 Qc7 12. Bb2 g5 {[%cal Bg7g5,Bg5g4][%mdl 32] Und weiter mit ...g4 wäre nett.} 13. d4 g4 14. Nd2 cxd4 15. Bxd4 Nc6 {[%cal Bb8c6,Bc6d8,Bd8f7,Bf7g5,Bg5h3,Bh3f4][%mdl 32]} 16. Bb2 Nd8 17. Nc4 Nf7 18. Qd4 Qc6 $36 {[%mdl 2048] Schwarz kämpft um Vorteil.} 19. Qf4 {[#]} (19. Rad1 $11) 19... Ng5 $1 $17 {[%cal Rg5h3] Weiss muss nun ...Sh3+! beachten.} 20. Qg3 $2 {[#]} (20. Re3 $15) 20... Nh3+ $1 {[%mdl 512]} 21. Kh1 (21. gxh3 Qh1#) 21... h5 {[%cal Bh7h5,Bh5h4,Bh4h3,Bh3g2][%mdl 32]} 22. Bd4 h4 23. Qe3 Bg5 24. Qc3 Nf4 25. Nd6 $2 (25. Ne3 {nur so!}) 25... h3 $19 {[%cal Rh3g2] Schwarz steht klar auf Gewinn.} 26. Qxc6 Bxc6 27. f3 hxg2+ {Precision: Weiß = 33%, Schwarz = 74%.} 0-1